01270nam a2200169 a 450000100100000000500170001000800410002704000250006808200150009310000340010824500720014226000610021430000210027550506740029695201130097099900170108300002696720240229073954.0110328s1986 dr 000 0 spa d aDO-SdBNPbspacBNPHU axxxbV422c1 aVega, Bernardo,d1938 -9322210aControl y represión en la dictadura trujillista /cBernardo Vega. aSanto Domingo :bFundación Cultural Dominicana,c1986. a134 p. ;c28 cm.2 aIndice -- Introducción -- El control sobre los medios de comunicación -- El control sobre la correspondencia entre el país y el exterior -- El control sobre la correspondencia entre terceros países -- El control sobre la correspondencia interna -- La vigilancia sobre los periodistas extranjeros -- Se escucha y se bloquea la radio extranjera -- Se escucha el teléfono -- El control sobre las personas -- El control sobre los viajes internacionales -- La vigilancia sobre los diplomáticos extranjeros -- La vigilancia sobre los estudiantes en el extranjero -- Se envián desfectos a vivir en la frontera -- Controles misceláneos -- Índice onomástico. 0010718PDaPDbPDcHDd2011-03-28iLF1l0oxxx V422cp26967-10r2020-06-25w2020-06-25yLFPDZNo se presta c26459d26459